Русско-французский словарь современного делового языка (экономика): более 20000 слов и понятий

Bibliographische Detailangaben
Weitere Verfasser: Ивлиева И. В. Ирина Владимировна (составитель)
Zusammenfassung:Словарь содержит около 20000 терминов и терминологических сочетаний с их переводом на французский язык. Внимание уделено терминологии по темам: финансы, аудит, кредитование, образование, бухгалтерия, международная экономика и др. Во вторую часть работы включены трактовки широко употребляемых экономических терминов иностранного происхождения. Словарь рассчитан на широкий круг пользователей: студентов, переводчиков, преподавателей, аспирантов, научных сотрудников и др.
Sprache:Russisch
Französisch
Veröffentlicht: Ростов-на-Дону, Феникс, 2008
Schriftenreihe:Словари
Schlagworte:
Format: Buch
KOHA link:https://koha.lib.tpu.ru/cgi-bin/koha/opac-detail.pl?biblionumber=174989

MARC

LEADER 00000nam0a2200000 4500
001 174989
005 20231101223210.0
010 |a 9785222135303 
035 |a (RuTPU)RU\TPU\book\189754 
090 |a 174989 
100 |a 20100208d2008 m y0rusy50 ca 
101 0 |a rus  |a fre 
102 |a RU 
105 |a y e 000zy 
200 1 |a Русско-французский словарь современного делового языка (экономика)  |e более 20000 слов и понятий  |f сост. И. В. Ивлиева 
210 |a Ростов-на-Дону  |c Феникс  |d 2008 
215 |a 285 с. 
225 1 |a Словари 
330 |a Словарь содержит около 20000 терминов и терминологических сочетаний с их переводом на французский язык. Внимание уделено терминологии по темам: финансы, аудит, кредитование, образование, бухгалтерия, международная экономика и др. Во вторую часть работы включены трактовки широко употребляемых экономических терминов иностранного происхождения. Словарь рассчитан на широкий круг пользователей: студентов, переводчиков, преподавателей, аспирантов, научных сотрудников и др. 
606 1 |a Французский язык  |x Терминологические словари  |2 stltpush  |3 (RuTPU)RU\TPU\subj\16829  |9 42729 
610 1 |a лексика 
610 1 |a русско-французские словари 
610 1 |a экономика 
610 1 |a экономические термины 
610 1 |a терминологические словари 
686 |a Ш147.11-43  |v LBC/SL-A  |2 rubbk 
702 1 |a Ивлиева  |b И. В.  |g Ирина Владимировна  |4 220 
801 1 |a RU  |b 63413507  |c 20100208 
801 2 |a RU  |b 63413507  |c 20110921  |g RCR 
942 |c BK 
959 |a 1/20100204  |d 1  |e 100,80  |f ЧЗИЛ:1